Statistics for Giant Crossword

Click here to take the quiz!

General Stats

  • This quiz has been taken 100 times
  • The average score is 25 of 83

Answer Stats

% Correct
Niece
78%
Allowed
70%
Triceratops
70%
Often
68%
Heaven
67%
Spaghetti
67%
Alto
62%
Kabul
62%
Cricket
59%
Maori
58%
Norwegian
57%
Hardback
53%
Haiti
51%
Senegal
51%
Influenza
50%
Bread Knives
49%
Siesta
49%
Tortoise
49%
Bonsai
47%
Trident
47%
Croissant
45%
Bison
43%
Cucumber
43%
Ronaldo
43%
Da Vinci
42%
Optic
41%
Lance
39%
Oaf
37%
Balsamic
34%
Stamina
34%
Stuttgart
33%
Reactor
32%
Cot
30%
Oregano
30%
Platoon
30%
Fee
29%
Inscribed
29%
Porch
29%
Considerate
26%
Curve
26%
Granite
26%
Complicated
25%
Oration
25%
Amicable
24%
Centenaries
22%
Invalid
22%
Jetsam
22%
Moa
22%
Nomadic
22%
America
21%
Cull
21%
Green
21%
Knitted
20%
Troughs
20%
Earnest
16%
Deadlock
14%
Queer
14%
Repelled
14%
Elite
13%
Garrison
13%
Grunts
13%
Placid
13%
Songbird
13%
Acidic
12%
Evict
12%
Bunch
11%
Splendour
11%
Eventide
9%
Overall
9%
Quarrelsome
9%
Rendered
9%
Solicit
9%
Tantalising
9%
Deterrent
8%
Treated
8%
Craggier
7%
Inelegant
7%
Orrery
7%
Sanction
7%
Off-kilter
5%
Subdivision
5%
Kauri
4%
Amphipod
3%

Score Distribution

Percentile by Number Answered

Percent of People with Each Score

Your Score History

You have not taken this quiz